000 00359nam a2200133Ia 4500
008 151001s9999||||xx |||||||||||||| ||und||
100 _aगुरुनाथ - नाईक
245 _aठिणगी
250 _a1
260 _b"निखील प्रकाशन, कोल्हापूर"
260 _c2012
300 _a192
365 _b18
999 _c999737
_d999734